| 000 | 00787nam#a22002775ar4500 | ||
|---|---|---|---|
| 001 | 283 | ||
| 008 | 060522s2005####ag#a###d|b###|||1#|#spa|d | ||
| 245 | 1 | 0 |
_aGeografía de la Argentina : _bEspacios y sociedades / _cMaría Susana Sassone, Celia Bertone de Daguerre, Albina Lara. |
| 250 | _a1ª ed. | ||
| 260 |
_aBuenos Aires : _bKapelusz, _c2005. |
||
| 300 |
_a340 p. : _bil. ; _c18 cm. |
||
| 490 | 0 | _aserie espacios y sociedades | |
| 020 | _a9501309339 | ||
| 100 | 1 | _aSassone, María Susana. | |
| 700 | 1 | _aBertone de Daguerre, Celia. | |
| 700 | 1 | _aLara, Albina. | |
| 080 | _a94(82) | ||
| 084 | _aS24 | ||
| 653 | _aPaisajes argentinos | ||
| 653 | _aMedio natural | ||
| 653 | _aAndes áridos | ||
| 653 | _aRed urbana | ||
| 005 | 20241107184630.0 | ||
| 003 | AR-ClEAG | ||
| 942 | _cBK | ||
| 999 |
_c283 _d283 |
||
| 980 |
_62 _aEvangelina Gallicchio _82 _gEvangelina Gallicchio |
||